000 nam a22 7a 4500
999 _c8451
_d8451
008 180116b ||||| |||| 00| 0 eng d
100 _94849
_aARORA.P ET AL
245 _aCOPUTER SCIENCE WITH C++ XI
260 _aNEW DELHI
_bSUTTAL
_c2017